Clubs ayant remporté la Ligue 1 - Mort Subite - Statistiques

Statistiques générales
  • Ce quiz a été pris 345 fois
  • Le résultat moyen est 9 sur 16
Answers on the Grid
Answers color-coded by a green-red scale on the quiz's grid according to % correct below.
Montpellier HSC
RC Lens
AJ Auxerre
RC Strasbourg
CO Roubaix-Tourcoing
RC Paris
OGC Nice
FC Sète
FC Sochaux-Montbéliard
Stade de Reims
Girondins de Bordeaux
FC Nantes
AS Monaco
Paris Saint-Germain
AS Saint-Étienne
Olympique de Marseille
Stade Rennais FC
Le Havre FC
Stade Brestois 29
Clermont Foot
FC Metz
Angers SCO
Toulouse FC
Versailles FC
 
Statistiques - réponses
Réponse % Correct
Olympique de Marseille
81%
AS Monaco
79%
AS Saint-Étienne
75%
Paris Saint-Germain
75%
Girondins de Bordeaux
70%
FC Nantes
68%
Montpellier HSC
65%
AJ Auxerre
60%
RC Lens
53%
Stade de Reims
52%
OGC Nice
51%
FC Sochaux-Montbéliard
45%
RC Paris
38%
FC Sète
37%
RC Strasbourg
33%
CO Roubaix-Tourcoing
29%
Aucun quiz correspondant
Distribution des résultats
% des personnes avec chaque résultat
Percentile par nombre de réponses
Votre historique - résultats
Vous n’avez pas pris ce quiz